[Event "Challenge"]
[Site "http://www.queenalice.com/game.php?id=1856929"]
[Date "2025.5.8"]
[Round "-"]
[White "Vallet"]
[Black "Charles56"]
[Result "0-1"]
[WhiteElo "1100"]
[BlackElo "1824"]

1. e4 e5 2. h4 a6 3. g3 d5 4. exd5 Qxd5 5. Nf3 Bg4 6. Bg2 Qb5 7. c4 Qxc4 8. a3
e4 9. Bh3 Bxf3 10. Qc2 Qe2# 0-1

[Event "Challenge"]
[Site "http://www.queenalice.com/game.php?id=1856933"]
[Date "2025.5.8"]
[Round "-"]
[White "Vallet"]
[Black "Charles56"]
[Result "0-1"]
[WhiteElo "1100"]
[BlackElo "1853"]

1. e4 e5 2. h3 d5 3. Rh2 d4 4. h4 Nh6 5. Rh3 a6 6. a4 Bxh3 7. Ra3 Be6 8. a5 Bxa3
9. f3 Bb4 10. c3 Bxa5 11. Nh3 dxc3 12. dxc3 Bxh3 13. gxh3 Nc6 14. Nd2 Qxh4+ 15.
Ke2 Rd8 16. b3 Bb6 17. c4 Qf2# 0-1

[Event "Challenge"]
[Site "http://www.queenalice.com/game.php?id=1857303"]
[Date "2025.5.15"]
[Round "-"]
[White "Charles56"]
[Black "Vallet"]
[Result "1-0"]
[WhiteElo "1837"]
[BlackElo "1100"]

1. e4 d5 2. e5 c6 3. d4 c5 4. Nc3 cxd4 5. Qxd4 b5 6. Nxb5 a6 7. Na3 f6 8. exf6
exf6 9. Bf4 g5 10. Bxg5 fxg5 11. Qxh8 d4 12. Qxg8 Ra7 13. O-O-O Nc6 14. g3 a5
15. Bb5 Ra6 16. Bxa6 h5 17. Bxc8 h4 18. Re1+ 1-0

[Event "Charles56"]
[Site "http://www.queenalice.com/game.php?id=1858012"]
[Date "2025.5.30"]
[Round "-"]
[White "Vallet"]
[Black "WoodpusherKid"]
[Result "0-1"]
[WhiteElo "1100"]
[BlackElo "2295"]

1. d4 g6 2. h4 Nf6 3. g4 Nxg4 4. f3 Nf6 5. Rh3 Bg7 6. f4 d5 7. Nf3 Bxh3 8. Bxh3
Nc6 9. c4 e6 10. cxd5 exd5 11. f5 O-O 12. fxg6 fxg6 13. h5 Qd6 14. hxg6 Qg3+ 15.
Kd2 Ne4+ 16. Kd3 Nb4+ 17. Ke3 Bh6# 0-1

[Event "Challenge"]
[Site "http://www.queenalice.com/game.php?id=1858086"]
[Date "2025.5.30"]
[Round "-"]
[White "Vallet"]
[Black "Charles56"]
[Result "0-1"]
[WhiteElo "1100"]
[BlackElo "1865"]

1. d4 d5 2. h4 Nf6 3. g4 Nxg4 4. f3 Nh6 5. f4 Bg4 6. Nh3 e6 7. h5 Bb4+ 8. c3 Bd6
9. c4 dxc4 10. e3 Bxd1 11. b3 Bf3 12. bxc4 Bxh1 13. c5 Qh4+ 0-1

[Event "Challenge"]
[Site "http://www.queenalice.com/game.php?id=1858503"]
[Date "2025.6.9"]
[Round "-"]
[White "Charles56"]
[Black "Vallet"]
[Result "1-0"]
[WhiteElo "1929"]
[BlackElo "1100"]

1. e4 e5 2. Nf3 Nc6 3. a3 h6 4. Bc4 d5 5. exd5 Qxd5 6. Bxd5 Ke7 7. Qe2 Ke8 8.
Nxe5 Nxe5 9. Qxe5+ Kd8 10. Bxf7 b6 11. Qe8# 1-0

[Event "Challenge"]
[Site "http://www.queenalice.com/game.php?id=1858504"]
[Date "2025.6.9"]
[Round "-"]
[White "Charles56"]
[Black "Vallet"]
[Result "1-0"]
[WhiteElo "1927"]
[BlackElo "1100"]

1. Nc3 Nc6 2. e4 e5 3. a3 a6 4. Nf3 Nf6 5. Bc4 Nxe4 6. Nxe4 b5 7. Ba2 d5 8. Nc3
e4 9. Ng1 d4 10. Nxe4 Qd6 11. Nxd6+ cxd6 12. Qf3 g5 13. d3 g4 14. Qxf7+ 1-0

[Event "Challenge"]
[Site "http://www.queenalice.com/game.php?id=1858505"]
[Date "2025.6.9"]
[Round "-"]
[White "Charles56"]
[Black "Vallet"]
[Result "1-0"]
[WhiteElo "1923"]
[BlackElo "1100"]

1. e4 e5 2. Nf3 Nf6 3. d3 d6 4. h3 h6 5. Na3 Nxe4 6. dxe4 d5 7. exd5 c6 8. dxc6
bxc6 9. Qxd8+ Kxd8 10. Bc4 a5 11. Bxf7 e4 12. Ne5 Bb7 13. Bh5 g6 14. Nxg6 Kd7
15. Nxh8 Kd6 16. Be3 Ra6 17. Bf4+ Kd5 18. O-O-O+ 1-0

[Event "Challenge"]
[Site "http://www.queenalice.com/game.php?id=1859716"]
[Date "2025.7.9"]
[Round "-"]
[White "Vallet"]
[Black "SeveroChess18"]
[Result "0-1"]
[WhiteElo "1100"]
[BlackElo "1216"]

1. d4 Nf6 2. Nf3 g6 3. d5 c6 4. dxc6 Nxc6 5. Nc3 Bg7 6. g3 O-O 7. e3 d6 8. e4
Bg4 9. h3 Bd7 10. e5 dxe5 11. Ke2 Nd4+ 12. Ke1 Nxf3+ 13. Ke2 Nd4+ 14. Ke1 Bc6
15. f3 Bxf3 16. Qd3 Bxh1 17. Qxd4 Qxd4 18. Ke2 Rfd8 19. Ke1 Ne4 20. Nd1 Qxd1#
0-1

[Event "Challenge"]
[Site "http://www.queenalice.com/game.php?id=1859717"]
[Date "2025.7.9"]
[Round "-"]
[White "Vallet"]
[Black "Charles56"]
[Result "0-1"]
[WhiteElo "1100"]
[BlackElo "1827"]

1. d4 d5 2. h4 Nc6 3. Nc3 h6 4. e3 e5 5. Nxd5 Qxd5 6. e4 Qxe4+ 7. Kd2 Nxd4 8. f3
Qd5 9. c3 Nxf3+ 10. Kc2 Bf5+ 0-1

[Event "Challenge"]
[Site "http://www.queenalice.com/game.php?id=1860431"]
[Date "2025.7.23"]
[Round "-"]
[White "Charles56"]
[Black "Vallet"]
[Result "1-0"]
[WhiteElo "1791"]
[BlackElo "1080"]

1. e4 e5 2. Nf3 Nf6 3. d3 d6 4. c3 Nxe4 5. dxe4 Nc6 6. Bb5 a6 7. Ba4 b5 8. Bb3
Nd4 9. Nxd4 c5 10. Qf3 cxd4 11. Qxf7# 1-0

[Event "Challenge"]
[Site "http://www.queenalice.com/game.php?id=1860432"]
[Date "2025.7.23"]
[Round "-"]
[White "Vallet"]
[Black "Charles56"]
[Result "0-1"]
[WhiteElo "1080"]
[BlackElo "1793"]

1. e4 e5 2. Nf3 d6 3. Nxe5 dxe5 4. f3 a6 5. Nc3 h6 6. h3 Nc6 7. g4 Bc5 8. g5
Qxg5 9. h4 Qg3+ 10. Ke2 Qf2+ 0-1

[Event "Challenge"]
[Site "http://www.queenalice.com/game.php?id=1860931"]
[Date "2025.8.2"]
[Round "-"]
[White "Charles56"]
[Black "Vallet"]
[Result "1-0"]
[WhiteElo "1789"]
[BlackElo "1080"]

1. e4 e5 2. Nf3 Nf6 3. d3 d6 4. c3 c6 5. Bg5 d5 6. exd5 cxd5 7. a3 d4 8. cxd4
exd4 9. Qa4+ b5 10. Qxb5+ Ke7 11. g3 a6 12. Qb4+ Ke8 13. Qc4 Qd7 14. Ne5 h6 15.
Bxf6 gxf6 16. Nf3 Qd8 17. Qxd4 f5 18. Qxh8 f4 19. Qe5+ Qe7 20. Qxe7+ Bxe7 21.
Nbd2 fxg3 22. hxg3 f5 23. Rxh6 a5 24. Bh3 f4 25. Bxc8 fxg3 26. fxg3 Ra7 27. Ne5
Ra6 28. Bxa6 Kf8 29. Bc4 a4 30. Ne4 Ke8 31. Rh8+ 1-0

[Event "Challenge"]
[Site "http://www.queenalice.com/game.php?id=1860932"]
[Date "2025.8.2"]
[Round "-"]
[White "Vallet"]
[Black "Charles56"]
[Result "0-1"]
[WhiteElo "1080"]
[BlackElo "1890"]

1. d4 d5 2. e3 a6 3. h3 Nf6 4. Nc3 Bd7 5. f3 Nc6 6. f4 h6 7. Nxd5 Nxd5 8. e4 Nb6
9. d5 Na7 10. d6 cxd6 11. e5 dxe5 12. fxe5 e6 13. g4 Qh4+ 14. Kd2 Bb4+ 15. c3
Be7 16. Kc2 Qf2+ 0-1

[Event "Challenge"]
[Site "http://www.queenalice.com/game.php?id=1861963"]
[Date "2025.8.24"]
[Round "-"]
[White "Charles56"]
[Black "Vallet"]
[Result "1-0"]
[WhiteElo "1789"]
[BlackElo "1080"]

1. e4 e5 2. Nf3 d5 3. exd5 c6 4. dxc6 bxc6 5. Nxe5 f6 6. Nf3 g5 7. d4 c5 8. dxc5
g4 9. Qxd8+ Kf7 10. Qxc8 gxf3 11. Qb7+ Ke8 12. Qxa8 h6 13. Bf4 fxg2 14. Qxb8+
Kd7 15. Qxf8 a6 16. Bxg2 f5 17. Qg7+ Kc8 18. Qxh8 Kd7 19. Qxg8 a5 20. O-O h5 21.
Rd1+ 1-0

[Event "Challenge"]
[Site "http://www.queenalice.com/game.php?id=1861964"]
[Date "2025.8.24"]
[Round "-"]
[White "Vallet"]
[Black "Charles56"]
[Result "0-1"]
[WhiteElo "1080"]
[BlackElo "1787"]

1. d4 d5 2. e3 Nf6 3. c4 dxc4 4. b3 cxb3 5. axb3 e6 6. e4 Nxe4 7. f3 Bb4+ 8. Ke2
Bc3 9. fxe4 Bxa1 10. d5 exd5 11. exd5 Bg4+ 12. Ke1 Bxd1 13. Kf2 Qf6+ 14. Ke1
Bxb3 15. Na3 Bc3+ 16. Ke2 O-O 17. Nb5 Bc4+ 18. Ke3 Re8# 0-1